Catálogo público

Prácticas de campo, EIUPA, en la empresa Gualanday Traders S.A.S. en el municipio de Andes, Departamento de Antioquia, Colombia / (Record no. 217587)

MARC details
000 -CABECERA
campo de control de longitud fija 02136nam a2200385 a 4500
003 - IDENTIFICADOR DEL NÚMERO DE CONTROL
campo de control CHAP
005 - FECHA Y HORA DE LA ÚLTIMA TRANSACCIÓN
campo de control 20240524123708.0
007 - CAMPO FIJO DE DESCRIPCIÓN FÍSICA--INFORMACIÓN GENERAL
campo de control de longitud fija ta
008 - DATOS DE LONGITUD FIJA--INFORMACIÓN GENERAL
campo de control de longitud fija 220809s2020 mx eobdfr|||| 001 0 spa d
040 ## - FUENTE DE LA CATALOGACIÓN
Centro catalogador/agencia de origen mxchpua
090 ## - LOCALMENTE ASIGNADO TIPO-LC NÚMERO DE CLASIFICACIÓN (OCLC); NÚMERO DE CLASIFICACIÓN LOCAL (RLIN)
Número de clasificación (OCLC) (R) ; Numero de clasificación, CALL (RLIN) (NR) T.C.845
Número cutter local (OCLC) ; Número de libro/Signatura topográfica íntegra, CALL (RLIN) L67 EIUPA
Año 2020
245 10 - MENCIÓN DE TÍTULO
Título Prácticas de campo, EIUPA, en la empresa Gualanday Traders S.A.S. en el municipio de Andes, Departamento de Antioquia, Colombia /
Mención de responsabilidad, etc. coordinadores Vicente López Bautista y Víctor Rivera Salvador ; colaboradores Laura Arriaga Chino...[y otros]
260 ## - PUBLICACIÓN, DISTRIBUCIÓN, ETC.
Lugar de publicación, distribución, etc. Chapingo, México :
Nombre del editor, distribuidor, etc. El autor,
Fecha de publicación, distribución, etc. 2020
300 ## - DESCRIPCIÓN FÍSICA
Extensión 132 hojas :
Otras características físicas ilustraciones, gráficas, mapas, diagramas, tablas, planos, fotos +
Material acompañante/anejo 1 CD-ROM
336 ## - TIPO DE CONTENIDO
Fuente rdacontent
Término de tipo de contenido texto
Código de tipo de contenido txt
337 ## - TIPO DE MEDIO
Fuente rdamedia
Nombre/término del tipo de medio no mediado
Código del tipo de medio n
338 ## - TIPO DE SOPORTE
Fuente rdacarrier
Nombre/término del tipo de soporte volumen
Código del tipo de soporte nc
500 ## - NOTA GENERAL
Nota general Grado: 7° año Grupo: 04<br/>
502 ## - NOTA DE TESIS
Nota de tesis Viaje de Estudios
Tipo de título (EIUPA) --
Nombre de la institución que otorga el título UACh. Departamento de Ingeniería Agroindustrial,
Año de obtención del título 2020
504 ## - NOTA DE BIBLIOGRAFÍA, ETC.
Nota de bibliografía, etc. Bibliografía: hojas 98-100
505 0# - NOTA DE CONTENIDO CON FORMATO
Nota de contenido con formato Contiene 6 planos : --<br/>1. Plano de Distribución de equipos (Esc. 1:200) --<br/>2. Plano de Distribución de áreas del proceso (Esc. 1:200) --<br/>3. Plano de Diagrama de flujo --<br/>4. Plano de Diagrama de recorrido (Esc. 1:150) --<br/>5. Plano de Distribución de áreas (Esc. 1:375) --<br/>6. Plano DTI
650 13 - PUNTO DE ACCESO ADICIONAL DE MATERIA--TÉRMINO DE MATERIA
Término de materia o nombre geográfico como elemento de entrada Productos del café
Subdivisión general Organización industrial y estructura de mercado
Subdivisión geográfica Colombia
-- Antioquia
650 13 - PUNTO DE ACCESO ADICIONAL DE MATERIA--TÉRMINO DE MATERIA
Término de materia o nombre geográfico como elemento de entrada Productos del café
Subdivisión general Calidad del producto
650 13 - PUNTO DE ACCESO ADICIONAL DE MATERIA--TÉRMINO DE MATERIA
Término de materia o nombre geográfico como elemento de entrada Café
Subdivisión general Industria y comercio
Subdivisión geográfica Colombia
650 13 - PUNTO DE ACCESO ADICIONAL DE MATERIA--TÉRMINO DE MATERIA
Término de materia o nombre geográfico como elemento de entrada Coffea arabica
Subdivisión geográfica Colombia
650 13 - PUNTO DE ACCESO ADICIONAL DE MATERIA--TÉRMINO DE MATERIA
Término de materia o nombre geográfico como elemento de entrada Semillas de café
Subdivisión general Calidad de los cultivos
650 13 - PUNTO DE ACCESO ADICIONAL DE MATERIA--TÉRMINO DE MATERIA
Término de materia o nombre geográfico como elemento de entrada Coffee products
Subdivisión general Industrial organization and market structure
Subdivisión geográfica Colombia
-- Antioquia
650 13 - PUNTO DE ACCESO ADICIONAL DE MATERIA--TÉRMINO DE MATERIA
Término de materia o nombre geográfico como elemento de entrada Coffee products
Subdivisión general Product quality
650 13 - PUNTO DE ACCESO ADICIONAL DE MATERIA--TÉRMINO DE MATERIA
Término de materia o nombre geográfico como elemento de entrada Coffee
Subdivisión general Industry and trade
Subdivisión geográfica Colombia
650 13 - PUNTO DE ACCESO ADICIONAL DE MATERIA--TÉRMINO DE MATERIA
Término de materia o nombre geográfico como elemento de entrada Coffee beans
Subdivisión general Crop quality
700 1# - PUNTO DE ACCESO ADICIONAL--NOMBRE DE PERSONA
Nombre de persona López Bautista, Vicente
Término indicativo de función/relación coordinador
9 (RLIN) 67700
700 1# - PUNTO DE ACCESO ADICIONAL--NOMBRE DE PERSONA
Nombre de persona Rivera Salvador, Víctor
Término indicativo de función/relación coordinador
9 (RLIN) 152488
700 1# - PUNTO DE ACCESO ADICIONAL--NOMBRE DE PERSONA
9 (RLIN) 185326
Nombre de persona Arriaga Chino, Laura
Término indicativo de función/relación colaboradora
856 41 - LOCALIZACIÓN Y ACCESO ELECTRÓNICOS
Identificador Uniforme del Recurso <a href="http://10.13.5.2/ve/T_C_845_EIUPA/T_C_845_EIUPA_2019_REPORTE.pdf">http://10.13.5.2/ve/T_C_845_EIUPA/T_C_845_EIUPA_2019_REPORTE.pdf</a>
Texto de enlace DESCARGAR REPORTE
Holdings
Estado de retiro Estado de pérdida Fuente del sistema de clasificación o colocación Estado dañado Restricciones de uso No para préstamo Código de colección Localización permanente Ubicación/localización actual Fecha de adquisición Fuente de adquisición Total de préstamos Signatura topográfica completa Código de barras Fecha visto por última vez Número de copia Precio válido a partir de Tipo de ítem Koha Ubicación en estantería
    Clasificación Universidad Autónoma de Chapingo   Préstamo interno   Viajes de Estudio Ingenieria Agroindustrial Ingenieria Agroindustrial 09/08/2022 El autor   T.C.845 L67 EIUPA 2020 1106013556 26/01/2026 Ej.1 09/08/2022 Viaje de Estudios  
    Clasificación Universidad Autónoma de Chapingo   Préstamo interno   Viajes de Estudio Ingenieria Agroindustrial Ingenieria Agroindustrial 09/08/2022 El autor   T.C.845 L67 EIUPA 2020 1106013557 09/08/2022 Ej.2 09/08/2022 CD  
    Clasificación Universidad Autónoma de Chapingo       Viajes de estudio - En línea Ingenieria Agroindustrial Ingenieria Agroindustrial 23/02/2023 El autor   T.C.845 L67 EIUPA 2020 1206013556 23/02/2023   23/02/2023 Viajes de Estudio - En línea En línea